00585nam a2200181Ia 4500003000500000008004100005020001800046040001900064082000700083100001900090245010500109260002900214300000800243546001200251942001200263999001700275952011100292STCL181203s9999 xx 000 0 und d a9780387955780 aSTCLbENcSTCL 222 aChung, Kai Lai 0aElementary Probability Theory: With Stochastic Processes and an Introduction to Mathematical Finance bSpringeraNew Yorkc2003 a402 aEnglish 2ddccBK c86252d86252 00102ddc4070aSTCALbSTCALcGENd2018-12-03l0o519.2 CHU-Ep94827r2018-12-03 00:00:00w2018-12-03yBK